000 00702cam a22002291 4500
001 sa 63001173
003 DLC
005 20260227111926.0
008 920730s1962 ii 000 0 hino
010 _asa 63001173
035 _a(OCoLC)26288442
040 _aDLC
_cWaU
_dNRU
_dDLC
042 _apremarc
050 0 0 _aPK2095.S8
_bZ78
100 1 _aPāṇḍeya, Śambhūnātha,
_d1923-
245 1 0 _aSūra kī kāvya-kalā;
_bSūrads̄a kā vistṛta vivecana.
_cSampādaka (avaitanika) Śamphunātha Pāṇḍeya.
250 _a[1. saṃskaraṇa]
260 _aĀgarā,
_bSarasvatī Saṃvāda,
_c[1962]
300 _a208 p.
_c22 cm.
500 _aIn Hindi.
600 0 0 _aSūradāsa,
_d1483?-1563?
999 _c53846
_d53846